<?xml version="1.0" encoding="UTF-8"?>
<collection xmlns="http://www.loc.gov/MARC21/slim">
 <record>
  <leader>01766nam a2200289 a 4500</leader>
  <controlfield tag="001">1/53606</controlfield>
  <controlfield tag="008">210909m19591961fr            000 | fre d</controlfield>
  <datafield tag="040" ind1=" " ind2=" ">
   <subfield code="a">GR-PeUP</subfield>
  </datafield>
  <datafield tag="082" ind1="0" ind2="0">
   <subfield code="a">909 HIS</subfield>
  </datafield>
  <datafield tag="245" ind1="0" ind2="0">
   <subfield code="a">Histoire generale des civilisations.</subfield>
  </datafield>
  <datafield tag="250" ind1=" " ind2=" ">
   <subfield code="a">3e ed.</subfield>
  </datafield>
  <datafield tag="260" ind1=" " ind2=" ">
   <subfield code="a">Paris :</subfield>
   <subfield code="b">Presses Universitaires de France,</subfield>
   <subfield code="c">1959-1961.</subfield>
  </datafield>
  <datafield tag="300" ind1=" " ind2=" ">
   <subfield code="a">τ. 3-7 (681 · 671 · 573 · 639 · 859 σ.) ;</subfield>
   <subfield code="c">24 εκ.</subfield>
  </datafield>
  <datafield tag="505" ind1="0" ind2=" ">
   <subfield code="a">Τ. 3. Le moyen age : l'expansion l'orient et la naissance de la civilisation occidentale / Perroy, Edouard -- τ. 4. L'es XVI et XVII siecles : la grande mutation intellectualle d l'humanite l'avenement de la science moderne et l'expansion d l'europe / Mousnier, Roland -- τ. 5. Le XVIII siecle : l'epoque des lumieres (1715-1815) / Mousnier, Roland et Labousse, Ernest -- τ. 6. Le XIX siecle : l'apogee de l'expansion europeenne (1815-1914) / Schnerb, Robert -- τ. 7. L'epoque contemporaine : a la recherche d'une civilisation nouvelle / Crouzet, Maurice.</subfield>
  </datafield>
  <datafield tag="650" ind1=" " ind2="4">
   <subfield code="a">Πολιτισμός</subfield>
   <subfield code="x">Ιστορία.</subfield>
  </datafield>
  <datafield tag="650" ind1=" " ind2="0">
   <subfield code="a">Civilization</subfield>
   <subfield code="x">History.</subfield>
  </datafield>
  <datafield tag="852" ind1=" " ind2=" ">
   <subfield code="a">INST</subfield>
   <subfield code="b">UNIPILB</subfield>
   <subfield code="c">MAIN</subfield>
   <subfield code="e">20210909</subfield>
   <subfield code="h">909 HIS</subfield>
   <subfield code="p">00183878</subfield>
   <subfield code="q">00183878</subfield>
   <subfield code="t">LOAN</subfield>
   <subfield code="v">τομ.3:</subfield>
   <subfield code="y">0</subfield>
   <subfield code="4">1</subfield>
  </datafield>
  <datafield tag="852" ind1=" " ind2=" ">
   <subfield code="a">INST</subfield>
   <subfield code="b">UNIPILB</subfield>
   <subfield code="c">MAIN</subfield>
   <subfield code="e">20210909</subfield>
   <subfield code="h">909 HIS</subfield>
   <subfield code="p">00183879</subfield>
   <subfield code="q">00183879</subfield>
   <subfield code="t">LOAN</subfield>
   <subfield code="v">τομ.4:</subfield>
   <subfield code="y">0</subfield>
   <subfield code="4">1</subfield>
  </datafield>
  <datafield tag="852" ind1=" " ind2=" ">
   <subfield code="a">INST</subfield>
   <subfield code="b">UNIPILB</subfield>
   <subfield code="c">MAIN</subfield>
   <subfield code="e">20210909</subfield>
   <subfield code="h">909 HIS</subfield>
   <subfield code="p">00183880</subfield>
   <subfield code="q">00183880</subfield>
   <subfield code="t">LOAN</subfield>
   <subfield code="v">τομ.5:</subfield>
   <subfield code="y">0</subfield>
   <subfield code="4">1</subfield>
  </datafield>
  <datafield tag="852" ind1=" " ind2=" ">
   <subfield code="a">INST</subfield>
   <subfield code="b">UNIPILB</subfield>
   <subfield code="c">MAIN</subfield>
   <subfield code="e">20210909</subfield>
   <subfield code="h">909 HIS</subfield>
   <subfield code="p">00183881</subfield>
   <subfield code="q">00183881</subfield>
   <subfield code="t">LOAN</subfield>
   <subfield code="v">τομ.6:</subfield>
   <subfield code="y">0</subfield>
   <subfield code="4">1</subfield>
  </datafield>
  <datafield tag="852" ind1=" " ind2=" ">
   <subfield code="a">INST</subfield>
   <subfield code="b">UNIPILB</subfield>
   <subfield code="c">MAIN</subfield>
   <subfield code="e">20210909</subfield>
   <subfield code="h">909 HIS</subfield>
   <subfield code="p">00183882</subfield>
   <subfield code="q">00183882</subfield>
   <subfield code="t">LOAN</subfield>
   <subfield code="v">τομ.7:</subfield>
   <subfield code="y">0</subfield>
   <subfield code="4">1</subfield>
  </datafield>
  <datafield tag="853" ind1=" " ind2=" ">
   <subfield code="a">INST</subfield>
   <subfield code="b">UNIPILB</subfield>
   <subfield code="c">MAIN</subfield>
   <subfield code="h">909 HIS</subfield>
   <subfield code="l">τομ.7-τομ.3</subfield>
  </datafield>
  <datafield tag="960" ind1=" " ind2=" ">
   <subfield code="a">ΜΑΡΙΑ ΒΕΛ</subfield>
  </datafield>
  <datafield tag="960" ind1=" " ind2=" ">
   <subfield code="a">ΜΑΡΙΑ ΒΕΛ</subfield>
  </datafield>
  <datafield tag="960" ind1=" " ind2=" ">
   <subfield code="a">ΜΑΡΙΑ ΒΕΛ</subfield>
  </datafield>
  <datafield tag="960" ind1=" " ind2=" ">
   <subfield code="a">ΜΑΡΙΑ ΒΕΛ</subfield>
  </datafield>
  <datafield tag="960" ind1=" " ind2=" ">
   <subfield code="a">ΜΑΡΙΑ ΒΕΛ</subfield>
  </datafield>
 </record>
</collection>
